| 000 | 00821nam a2200169 i 4500 | ||
|---|---|---|---|
| 001 | 95508 | ||
| 003 | ES-MaACL | ||
| 007 | t| | ||
| 008 | 050531s1914 sp ||||1| cat d | ||
| 130 | 0 |
_aLlibre del Consolat de Mar. _9122756 |
|
| 245 | 1 | 0 |
_aLes costums maritimes de Barcelona universalment conegudes per Llibre del Consolat de Mar _b: ara de nou publicades en sa forma original, ilustrades ab noticies bibliográafiques, historiques y llingüístiques, ab un apéndix de notes y documents inèdits relatius a la historia del Consolat y de la Lotja de Barcelona / _cper Ernest Moliné y Brasés. |
| 260 |
_aBarcelona : _bHenrich y Cª, _c1914. |
||
| 300 |
_aXCVI, 380 p. ; _c36 cm. |
||
| 650 | 1 | 4 |
_aDerecho marítimo- _zCataluña- _yS.XIV. _911731 |
| 700 | 1 |
_aMoliné y Brasés, Ernest. _981982 |
|
| 852 |
_aES-MaACL _jG-156 |
||
| 999 |
_c95508 _d95508 |
||